Rural estate sustainability (Record no. 105791)
[ view plain ]
| 000 -LEADER | |
|---|---|
| fixed length control field | 01199cam a2200205 4500 |
| 001 - CONTROL NUMBER | |
| control field | ##L134727 |
| 008 - FIXED-LENGTH DATA ELEMENTS--GENERAL INFORMATION | |
| fixed length control field | 060829n2006 000 0 eng u |
| 035 ## - SYSTEM CONTROL NUMBER | |
| System control number | (Sirsi) u134727 |
| 041 0# - LANGUAGE CODE | |
| Language code of text/sound track or separate title | eng |
| 050 04 - LIBRARY OF CONGRESS CALL NUMBER | |
| Classification number | 333.335 $2 18 |
| 110 2# - MAIN ENTRY--CORPORATE NAME | |
| Corporate name or jurisdiction name as entry element | Forum for the Future |
| 9 (RLIN) | 4135 |
| 245 00 - TITLE STATEMENT | |
| Title | Rural estate sustainability |
| Remainder of title | leading by example |
| 260 ## - PUBLICATION, DISTRIBUTION, ETC. | |
| Place of publication, distribution, etc. | Cheltenham |
| Name of publisher, distributor, etc. | Forum for the Future |
| Date of publication, distribution, etc. | 2006 |
| 520 ## - SUMMARY, ETC. | |
| Summary, etc. | Examines the diverse ways in which rural estates are meeting a range of challenges including climate change, rural skills shortages and declining farm incomes by incorporating sustainable development into their business plans. Lists 10 hallmarks of sustainable estates. Covers estate management for sustainable rural areas and the impacts of climate change, energy use and carbon. Makes recommendations for maximising rural estate sustainability. Presents five case studies. |
| 590 ## - LOCAL NOTE (RLIN) | |
| Local note | IKA050906 |
| 651 #4 - SUBJECT ADDED ENTRY--GEOGRAPHIC NAME | |
| Geographic name | England |
| Chronological subdivision | 886- |
| 690 ## - LOCAL SUBJECT ADDED ENTRY--TOPICAL TERM (OCLC, RLIN) | |
| Topical term or geographic name as entry element | PROPERTY-RURAL AND NATURAL ASSETS-RURAL AND NATURAL ASSET MANAGEMENT |
| 856 40 - ELECTRONIC LOCATION AND ACCESS | |
| Uniform Resource Identifier | <a href="https://www.forumforthefuture.org.uk/publications/ruralestatesustainability_page419.aspx">https://www.forumforthefuture.org.uk/publications/ruralestatesustainability_page419.aspx</a> |
| Public note | View the report free of charge at www.forumforthe future.org.uk... |
| 942 ## - ADDED ENTRY ELEMENTS (KOHA) | |
| Suppress in OPAC | 0 |
| Withdrawn status | Lost status | Source of classification or shelving scheme | Damaged status | Not for loan | Home library | Current library | Shelving location | Date acquired | Total Checkouts | Full call number | Barcode | Date last seen | Copy number | Price effective from | Koha item type |
|---|---|---|---|---|---|---|---|---|---|---|---|---|---|---|---|
| Dewey Decimal Classification | Virtual | Virtual | Online | 29/08/2006 | ONLINE PUBLICATION | 134727-2001 | 06/08/2019 | 1 | 06/08/2019 | Book |